| 000 | 00000nas 2200000za 4500 |
| 001 | 9.506753 |
| 003 | CaOODSP |
| 005 | 20231011133813 |
| 007 | cr ||||||||||| |
| 008 | 150406d20022009xxc|| p o||||f| |0eng|d |
| 040 | |aCaOODSP|beng |
| 043 | |an-cn--- |
| 086 | 1 |aIu92-1/1E-PDF |
| 245 | 00|aWorking with the West. |
| 246 | 1 |iVariant title : |aWorking with the West, ... and beyond - achieving results for the West |
| 264 | 1|bWestern Economic Diversification Canada, |c2002-2009. |
| 310 | |aAnnual |
| 362 | 1 |aBegan with 2002; ceased with 2009. |
| 690 | 07|aEconomic policy|2gcpds |
| 690 | 07|aWestern provinces|2gcpds |
| 710 | 1 |aCanada. |bWestern Economic Diversification Canada, |eissuing body. |
| 775 | 08|tTravailler avec l'Ouest.|w(CaOODSP)9.503147 |